Statystyki dla Pętle i krańcówki tramwajowe w Poznaniu

Kliknij tutaj aby rozwiązać quiz!

Ogólne statystyki

  • Ten quiz został rozwiązany 118 razy
  • Średni wynik to 14 z 17

Statystyki odpowiedzi

liniepętla% Poprawnych
1, 6, 13Junikowo
98%
1, 16, 18Franowo
96%
2, 7, 17, 18Ogrody
96%
2, 9, 10Dębiec
93%
5, 8, 14Górczyn
92%
12, 14, 15, 16Os. Sobieskiego
89%
4, 12, 13, 17Starołęka
89%
3, 10Błażeja
85%
7Zawady
85%
6, 8Miłostowo
84%
9, 11Piątkowska
78%
4Połabska
75%
5, 11Unii Lubelskiej
74%
15Budziszyńska
73%
-Wilczak
56%
3Pl. Wielkopolski
52%
-Starołęka Mała (Stomil)
51%

Rozkład punktacji

Percentyl według liczby udzielonych odpowiedzi

Procent ludzi z każdym wynikiem

Twoja historia wyników

Nie rozwiązałeś tego quizu